Normal view
MARC view
- Wajid Rafiq
Entry Personal Name
001 - CONTROL NUMBER
- control field: 70369
003 - CONTROL NUMBER IDENTIFIER
- control field: NUST
005 - DATE AND TIME OF LATEST TRANSACTION
- control field: 20210628204437.0
008 - FIXED-LENGTH DATA ELEMENTS
- fixed length control field: 210628|| aca||aabn | a|a d
040 ## - CATALOGING SOURCE
- Original cataloging agency: NUST
- Transcribing agency: NUST
100 ## - HEADING--PERSONAL NAME
- Personal name: Wajid Rafiq
670 ## - SOURCE DATA FOUND
- Source citation: Work cat.: (NUST): Wajid Rafiq , TH-SOF-1163-Sociology Study Using Email Data and Social Network Analysis, 2015
